000 00696nam a2200253Ia 4500
001 Para_3003
003 CHAP
008 220125s1988 xx 000 0 und d
010 _a201389
040 _cCHAP
082 _aPA 632.94 H37
100 _aHarvey, Lori Thomson
_952997
245 _aA guide to agricultural spray adjuvants used in the United States /
_c by Lori Thomson Harvey
250 _aFresno, Cal
300 _a170 p.
650 _aAspersiòn Pesticidas
_x Aplicación
_9166297
901 _aPA 632.94 H37
902 _aM
905 _a0000001988 0000000000 00
910 _a1988
942 _cPARA
942 _cPARA
_d1
999 _c201389
_d201389